000 00957nam a2200277Ia 4500
003 OSt
005 20220918171605.0
006 a|||||r|||| 00| 0
007 ta
008 220917b |||||||| |||| 00| 0 eng d
020 _a9783110195927 (hbk)
_c6460.15
024 _a238,305
037 _b8074, 20/10/2008, Elite Publishers Distributors
_cTextual
040 _aARTS
_cARTS
_beng
041 _2eng
_aeng
082 _aP:3, P7
100 _aMiestamo Matti Ed.
_937494
245 0 _aNew challenges in typology
_b Broadening the horizons and redefining the foundations
260 _aBerlin
_bMouton De Gruyter
_c2007
300 _axii,407p.
_ccm.
490 _aTrends in linguistics: Studies and monographs; 189
650 _aLINGUISTICS
700 _a Walchli Bernhard Ed.
_937495
942 _hP:3, P7
_cTEXL
_2CC
999 _c140289
_d140289